Seven deadly sins :10 commandements - Statistiques

Statistiques générales
  • Ce quiz a été pris 262 fois
  • Le résultat moyen est 4 sur 10
Statistiques - réponses
Hint Réponse % Correct
Galand Vérité
84%
Zeldris Piété
83%
Estarossa Charité
65%
Merascylla Foi
50%
Gloxinia Repos
39%
Fraudrin Altruisme
37%
Dolor Patience
30%
Derrierie Pureté
30%
Monspiet Réticence
20%
Greyroad Préservation
5%
Aucun quiz correspondant
Distribution des résultats
% des personnes avec chaque résultat
Percentile par nombre de réponses
Votre historique - résultats
Vous n’avez pas pris ce quiz